000 01185nam a22003497a 4500
001 BR8006221
003 BR-BrBNA
005 20230928090800.0
007 ta
008 230509b bl.||||| |||| 00| 0 por d
040 _aBR-BrBNA
_bpor
_cBiblioteca Nacional de Agricultura
041 _a(Por)
072 _aE30; F00
_b0150
_b0120
_b1410
_b/G514
090 _ 0150 BR8006221
110 1 _aBanco de Desenvolvimento do Estado do Maranhao S.A., Sao Luis (Brasil)
_91087
245 1 _aAvaliacao do Programa de Apoio ao Mini Lavrador-PROMINI [arroz, milho, feijao, mandioca, produtividade, assistencia rural, credito rural, Maranhao, Brasil]
260 3 _aSao Luis, MA (Brasil):
_c1980.
300 _a10 p.
500 _a5 tables. (*) Documento disponível na(o) Banco de Desenvolvimento do Estado do Maranhao S.A., Sao Luis (Brazil)
650 _aPROJETO DE DESENVOLVIMENTO
650 _aASSISTENCIA TECNICA
650 _aPEQUENO PRODUTOR
650 _aFINANCIAMENTO
650 _aCREDITO RURAL
650 _aPRODUCAO VEGETAL
650 _aARROZ
650 _aMILHO
650 _aFEIJAO
650 _aMARANHAO
909 _a202309
_bLucia
_c55
_dLucia Elande
942 _cBK
999 _c30505
_d30505